000 00726nas a2200265 4500
001 BR0102998
003 BR-BrBNA
005 20231205102319.0
007 ta
008 230509b bl.|||p| |||| 00| 00por d
040 _aBR-BrBNA
_bpor
_cBiblioteca Nacional de Agricultura
041 _a(En)
072 _aF60
100 1 _aMazzafera, P.
245 1 _aMineral nutrition and caffeine content in coffee leaves
650 _aCafe
650 _aFolha
650 _aSemente
650 _aCafeina
650 _aNutricao Vegetal
650 _aAnalise Quimica
773 0 _tBragantia (Brazil)
_xISSN 0006-8705
_g(1999), v. 58(2) p. 387-391
_wBR0102998
909 _a202311
_bLúcia
_c55
_dLúcia Elande
942 _2AGRIS
_n0
_cANA
999 _c166929
_d166929